Les titres ducaux français subsistants - Statistiques

Statistiques générales
  • Ce quiz a été pris 30 fois
  • Le résultat moyen est 6 sur 37
Statistiques - réponses
Création Duc % Correct
1622 de La Rochefoucauld
44%
1780 de Polignac
44%
1775 de Clermont-Tonnerre
31%
1663 de Mortemart
31%
1663 de Noailles
31%
1765 de Poix
31%
1648 de Rohan
31%
1572 d'Uzès
31%
1667 de Chevreuse
25%
1784 de Maillé
25%
1821 de Blacas
19%
1611 de Brissac
19%
1742 de Broglie
19%
1619 de Luynes
19%
1859 de Magenta
19%
1762 de Praslin
19%
1701 d'Harcourt
19%
1812 d'Albufera
13%
1808 d'Auerstaedt
13%
1830 de Caraman
13%
1820 Decazes
13%
1598 de Croÿ
13%
1765 de Liancourt
13%
1817 de Montebello
13%
1830 des Cars
13%
1840 d'Estissac
13%
1809 d'Otrante
13%
1827 d'Arenberg
6%
1862 d'Audiffret-Pasquier
6%
1737 d'Ayen
6%
1818 de Beauffremont
6%
1643 de Gramont
6%
1785 de La Force
6%
1706 de Lorges
6%
1594 de Montbazon
6%
1808 de Rivoli
6%
1825 de Sabran
6%
Aucun quiz correspondant
Distribution des résultats
% des personnes avec chaque résultat
Percentile par nombre de réponses
Votre historique - résultats
Vous n’avez pas pris ce quiz